000 00462nam a2200157Ia 4500
008 100122s9999 xx 000 0 und d
082 _b42439
_a823
100 _aजोशी पद्माकर
245 _aकामिनी
260 _bश्रीविद्या प्रकाशन
_c1987
300 _a90
630 _aकामिनी
700 _aप्रीतम अमृृता
730 _aकामिनी
942 _cBOOK
999 _c422848
_d422845